| 000 | 01448cam a2200397 i 4500 | ||
|---|---|---|---|
| 999 |
_c200441713 _d59925 |
||
| 003 | TR-AnTOB | ||
| 005 | 20231206133614.0 | ||
| 007 | ta | ||
| 008 | 001010s1999 tu a b 000 0 tur | ||
| 010 | _a 00377135 | ||
| 020 | _a9755124047 | ||
| 035 | _a(DLC) 00377135 | ||
| 040 |
_aDLC _beng _erda _cDLC _dTR-AnTOB |
||
| 041 | 0 | _atur | |
| 050 | 0 | 0 |
_aHD9466.T92 _bT87 1999 |
| 090 |
_aHD9466.T92 _bT87 1999 |
||
| 130 | _pTürkiye su ürünleri sektörü ve Avrupa Birliği ile entegrasyonu | ||
| 245 | 0 | 0 |
_aTürkiye su ürünleri sektörü ve Avrupa Birliği ile entegrasyonu / _chazırlayanlar, M. Salih Çelikkale, Ertuğ Düzgüneş, İbrahim Okumuş. |
| 264 | 1 |
_aİstanbul : _bİstanbul Ticaret Odası, _c1999. |
|
| 300 |
_a533 pages ; _c25 cm |
||
| 336 |
_2rdacontent _atext _btxt |
||
| 337 |
_2rdamedia _aunmediated _bn |
||
| 338 |
_2rdacarrier _avolume _bnc |
||
| 490 | 0 |
_aİstanbul Ticaret Odası ; _vyayın no. 1999-63 |
|
| 504 | _aBIB | ||
| 650 | 7 |
_aDeniz ürünleri endüstrisi _zTürkiye _2etuturkob _990804 |
|
| 650 | 7 |
_aBalık ticareti _zTürkiye _2etuturkob _9132124 |
|
| 650 | 7 |
_aUluslararası ekonomik entegrasyon _2etuturkob _975006 |
|
| 700 | 1 |
_aÇelikkale, M. Salih _eeditor _9139364 |
|
| 700 | 1 |
_aDüzgüneş, Ertuğ _eeditor _9139365 |
|
| 700 | 1 |
_aOkumuş, İbrahim _eeditor _9139366 |
|
| 710 | 2 |
_aİstanbul Ticaret Odası _919571 |
|
| 942 |
_2lcc _cBK |
||